00402nam a2200169Ia 4500003000400000005001700004008004100021040000700062041000800069082002400077100001700101245003900118250000600157260004200163300001400205365001300219OSt20230323155321.0210423s2006 xx 000 0 und d cAL aeng a543.0858223b KALP aKALSI (P S). aSpectroscopy of organic compounds. a6 aNew DelhibNew American Libraryc2006 axviii,631 b280cINR